000
00298nam a22001337a 4500
008
181019b xxu||||| |||| 00| 0 eng d
020
_a
9780198524083
041
_a
eng
080
_a
616.8
100
_a
7
101
_a
TRU
245
_a
The Visual Brain in Action
_c
Milner,A.D
942
_2
udc
_c
BK
999
_c
50200
_d
50200